|
|
|
|
| LEADER |
00000cas a2200000 a 4500 |
| 001 |
vtls001340635 |
| 003 |
SK-MaSNL |
| 005 |
20260425194341.0 |
| 008 |
180810d19071911hu mr|p 0 0b0slo c |
| 040 |
|
|
|a SNK
|b slo
|c SNK
|e AACR2
|
| 041 |
0 |
|
|a slo
|
| 044 |
|
|
|a hu
|c HU
|
| 072 |
|
7 |
|a 316.3
|x Globálne spoločnosti. Sociálna štruktúra. Sociálne skupiny
|2 konspekt
|
| 072 |
|
7 |
|a 32
|x Politika
|2 konspekt
|
| 072 |
|
7 |
|a 37
|x Výchova a vzdelávanie
|2 konspekt
|
| 080 |
|
|
|a 316.3
|2 2011
|2 2011
|
| 080 |
|
|
|a (=162.4)
|2 2011
|
| 080 |
|
|
|a 32
|2 2011
|
| 080 |
|
|
|a 37.01/.09
|2 2011
|
| 245 |
0 |
0 |
|a Naša Zástava
|b pospolitý mesačník pre politické a hospodárske vzdelanie slovenského ľudu
|
| 260 |
|
|
|a Budapešť
|b Slovenský týždenník v Pešti
|c 1907, 1910-1911
|f Kníhtlačiareň Budapeštianskeho nakl. spolku, úč. spol.
|
| 300 |
|
|
|a 2 zv.
|c 20 cm
|
| 310 |
|
|
|a 1x mesačne
|
| 362 |
0 |
|
|a Roč.1, č. 1 (1907)-roč. 1, č. 12 (1907); roč. 2, č. 1 (1910)-roč. 2, č. 5 (1911)
|
| 500 |
|
|
|a Hlavný redaktor: Milan Hodža
|
| 500 |
|
|
|a Má priebežné číslovanie
|
| 650 |
0 |
7 |
|a politika
|2 SNKPH
|9 968
|
| 650 |
0 |
7 |
|a hospodárstvo
|2 SNKPH
|9 14275
|
| 650 |
0 |
7 |
|a vzdelávanie
|2 SNKPH
|9 4033
|
| 650 |
0 |
7 |
|a Slováci
|2 SNKPH
|9 22552
|
| 650 |
0 |
7 |
|a spoločnosť
|2 SNKPH
|9 1013
|
| 650 |
0 |
7 |
|a národné povedomie
|2 SNKPH
|9 275028
|
| 655 |
|
7 |
|a spoločenské časopisy
|2 SNKPH
|9 70515
|
| 700 |
1 |
|
|a Hodža, Milan,
|d 1878-1944
|4 red
|9 184939
|
| 910 |
|
|
|a snk
|
| 916 |
|
|
|a 1907, 1910-1911
|
| 999 |
|
|
|c 11634
|d 13564
|
| 952 |
|
|
|t č. 1-12
|a SNK
|b SNK
|y PREZ
|7 0
|p 17A0683441
|o snkČSD 22/1/1907 D2
|i snkF 2070/68
|8 5
|0 0
|1 0
|4 0
|d 2011-01-10
|l 0
|r 2026-02-21 19:56:27
|w 2026-02-21
|
| 952 |
|
|
|t č. 1-5
|a SNK
|b SNK
|y PREZ
|7 0
|p 17A0071902
|o snkČSD 22/2/1910-1911
|i snk 1742/29
|z Roky 1910-1911 sú zviazané spolu
|f 1
|0 0
|1 0
|4 0
|d 2022-05-23
|l 0
|r 2026-02-21 20:01:45
|w 2026-02-21
|
| 952 |
|
|
|t č. 1-5, neúplné
|a SNK
|b SNK
|y PREZ
|7 0
|p 17A0536704
|o snkČSD 22/2/1910-1911 D1
|i snk2025/15943
|8 5
|z Neúplné, chýba č. 4-5 ; Č. 3 chýbajú strany 65-72 ; Roky 1910-1911 sú zviazané spolu
|3 rekatalogizácia
|0 0
|1 0
|4 0
|d 2007-01-29
|l 0
|r 2026-02-21 20:14:05
|w 2026-02-21
|
| 952 |
|
|
|t č. 1-12
|a SNK
|b SNK
|y PREZ
|7 0
|p 17A0585788
|o snkČSD 22/1/1907
|i snk 1538/28
|f 1
|0 0
|1 0
|4 0
|d 2008-03-27
|l 0
|r 2026-02-21 20:49:29
|w 2026-02-21
|
| 952 |
|
|
|t č. 1-12
|a SNK
|b SNK
|y PREZ
|7 0
|p 17A0157299
|o snkČSD 22/1/1907 D1
|i snkČSK 19/58
|8 3
|0 0
|1 0
|4 0
|d 1998-08-28
|l 0
|r 2005-01-02 00:00:00
|w 2026-02-21
|